UM Logo

Fundamentals of curriculum theory and development : (Record no. 11473)

MARC details
000 -LEADER
fixed length control field 00589nam a22001697a 4500
008 - FIXED-LENGTH DATA ELEMENTS--GENERAL INFORMATION
fixed length control field 181205b ||||| |||| 00| 0 eng d
020 ## - INTERNATIONAL STANDARD BOOK NUMBER
International Standard Book Number 978-971-9645-19-1
082 ## - DEWEY DECIMAL CLASSIFICATION NUMBER
Edition number 2016
Classification number DFil 373
Item number B862
100 ## - MAIN ENTRY--PERSONAL NAME
Personal name Bueno, David Cababaro
9 (RLIN) 17113
245 ## - TITLE STATEMENT
Title Fundamentals of curriculum theory and development :
Remainder of title A modular approach /
Statement of responsibility, etc. David Cababaro Bueno
260 ## - PUBLICATION, DISTRIBUTION, ETC. (IMPRINT)
Place of publication, distribution, etc. Quezon City :
Name of publisher, distributor, etc. Great Books Trading,
Date of publication, distribution, etc. ©2016.
300 ## - PHYSICAL DESCRIPTION
Extent vi, 191 pages :
Dimensions 22 cm.
500 ## - GENERAL NOTE
General note Includes bibliographical references.
650 ## - SUBJECT ADDED ENTRY--TOPICAL TERM
Topical term or geographic name as entry element Education
General subdivision Curricula
9 (RLIN) 32888
365 ## - TRADE PRICE
Price amount 395.00
Currency code php
942 ## - ADDED ENTRY ELEMENTS (KOHA)
Source of classification or shelving scheme Dewey Decimal Classification
Koha item type Filipiniana
Holdings
Withdrawn status Lost status Source of classification or shelving scheme Damaged status Not for loan Collection code Home library Current library Shelving location Date acquired Source of acquisition Cost, normal purchase price Total Checkouts Full call number Barcode Date last seen Date last checked out Copy number Koha item type Price effective from
    Dewey Decimal Classification     Filipiniana UM Digos College - LIC UM Digos College - LIC Book Cart 08/16/2018 Purchased 395.00 5 DFil 373 B862 2016 25028 05/15/2025 07/09/2024 1 Filipiniana  
    Dewey Decimal Classification     Filipiniana UM Digos College - LIC UM Digos College - LIC   02/16/2021 Purchased     DFil 373 B862 2016 26098 05/15/2025   2 Filipiniana 04/19/2021